Recueil d'énigmes arabes populaires /
Main Author:
Format: Book
Language:
French
Arabic
Published:
Alger :
Imprimerie A. Jourdan,
1916.
Subjects:
Tags: Add Tag
Call Number: PN6377 .A8 G5 1916
| LEADER | 01256nam a2200349I 4500 | ||
|---|---|---|---|
| 001 | 8980 | ||
| 003 | OSt | ||
| 005 | 20200513123813.0 | ||
| 008 | 130303s1916 ae g 000 0 fre d | ||
| 952 | |0 0 |1 0 |2 lcc |4 0 |6 PN6377 A8 G5 01916 |7 1 |9 2172 |a ARCE |b ARCE |d 2020-05-13 |l 0 |o PN6377 .A8 G5 1916 |p 1039897 |r 2020-05-13 00:00:00 |w 2020-05-13 |y BK | ||
| 999 | |c 4221 |d 4221 | ||
| 010 | |a 22018983 | ||
| 035 | |a ocm01982349 | ||
| 040 | |a DLC |c GUA |d SER |d OCL |d OCLCQ | ||
| 041 | 1 | |a fre |h ara | |
| 050 | 0 | 4 | |a PN6377 .A8 G5 1916 |
| 100 | 1 | |a Giacobetti, A, |e author |9 30728 | |
| 245 | 1 | 0 | |a Recueil d'énigmes arabes populaires / |c par le R. P. A. Giacobetti. |
| 264 | 1 | |a Alger : |b Imprimerie A. Jourdan, |c 1916. | |
| 300 | |a xvi, 291 pages : |c 25 cm. | ||
| 336 | |a text |b txt |2 rdacontent | ||
| 337 | |a unmediated |b n |2 rdamedia | ||
| 338 | |a volume |b nc |2 rdacarrier | ||
| 500 | |a "Mode de transcription du texte arabe": pages xvi. | ||
| 500 | |a Arabic title at head of title pages. | ||
| 650 | 0 | |a Riddles, Arabic. | |
| 901 | |a reviewed | ||
| 907 | |a .b24432957 |b 02-04-08 |c 01-30-08 | ||
| 942 | |c BK |2 lcc | ||
| 945 | |a PN6377 .A8 G5 1916 |g 1 |i mq243765 |l 1arce |o z |p $0.00 |q |r |s w |t 0 |u 0 |v 0 |w 0 |x 0 |y .i31508443 |z 02-04-08 | ||
| 949 | |a PN6377 .A8 G5 1916 |c arcesim | ||
| 998 | |b 01-30-08 |c m |d - |i 1 | ||
